000 00341nam a22001337a 4500
008 180920b xxu||||| |||| 00| 0 eng d
020 _a9780072866841
041 _aeng
080 _29 ed
_a330
100 _a59
101 _aBJS
245 _aInternational Business The Challenge Of Global Compretition
_cMinor.M.S
942 _2udc
_cBK
999 _c48094
_d48094